LEADER 01305nam--2200445---450- 001 990000965930203316 005 20060522111442.0 035 $a0096593 035 $aUSA010096593 035 $a(ALEPH)000096593USA01 035 $a0096593 100 $a20020218d1981----km-y0itay0103----ba 101 $aita 102 $aIT 105 $a||||||||001yy 200 1 $aBurt Lancaster$fdi Tony Thomas$ga cura di Ted Sennet 210 $eMilano$cMilano Libri$d1981 215 $a159 p$cill.$d19 cm 225 2 $aStoria illustrata del cinema 300 $aTrad. di Carlo Oliva 312 $aBurt Lancaster 410 $12001$aStoria illustrata del cinema 454 $1200$aBurt Lancaster 606 0 $aLancaster, Burt 676 $a791.43 700 1$aTHOMAS,$bTony$0222391 702 1$aSENNETT,$bTed 801 0$aIT$bsalbc$gISBD 912 $a990000965930203316 951 $aXIII.2. Coll.2/ 33(XVI B 7)$b140265 LM$cXVI 959 $aBK 969 $aUMA 979 $aPATTY$b90$c20020218$lUSA01$h1455 979 $aPATTY$b90$c20020325$lUSA01$h1423 979 $c20020403$lUSA01$h1739 979 $aPATRY$b90$c20040406$lUSA01$h1707 979 $aCOPAT4$b90$c20050422$lUSA01$h1138 979 $aCOPAT6$b90$c20060522$lUSA01$h1114 996 $aBurt Lancaster$9972816 997 $aUNISA